000 00448nam a2200133Ia 4500
041 _aArabic
082 _a796.325 cut-742 ب
100 _a20260118u\\\\\\\\\\\y0engy0103\\\\ba
245 0 _aالاتحاد العربي للكرة الطائرة القواعد الدولية للعبة لكرة الطائرة
250 _aط1
260 _bدار القادسية للطباعة
_aبغداد -العراق
_c1982
300 _a96
942 _cBk
999 _c190486
_d190486